000 00615nam a2200193Ia 4500
001 31685
003 IN-NITTTR
005 20251114233423.0
008 251113s9999||||xx |||||||||||||| ||eng||
040 _beng
040 _cIN-NITTTR
041 _aeng
082 _a616.8047547 N552
245 0 _aNiedermeyer's electroencephalography :
_b basic principles, clinical applications and related fields /
_cNiedermeyer, Ernst, Schomer, Donald L., ed, Lopes da Silva, Fernando H., ed.
700 _a Lopes da Silva, Fernando H.
700 _a Schomer, Donald L.
700 _aNiedermeyer, Ernst
942 _2ddc
_cBK
999 _c34315
_d34315